| 000 | 00820nam a2200253 a 4500 | ||
|---|---|---|---|
| 001 | 62973 | ||
| 003 | BD-RjUL | ||
| 005 | 20211209081139.0 | ||
| 008 | 170126s1993 bg b 000 0 eng | ||
| 020 | _a9848126074 | ||
| 035 | _a(BD-RjUL)63101 | ||
| 040 |
_aDLC _cDLC _dBD-RjUL _beng |
||
| 041 | _aeng | ||
| 082 |
_223 _a362.57095492 _bMIP 1993 |
||
| 100 | 1 |
_aMia, M. S. Alam. _9187285 |
|
| 245 | 1 | 0 |
_aPoverty alleviation in Bangladesh : _ban exploration / _cM.S. Alam Mia. |
| 260 |
_aDhaka : _bBangladesh Unnayan Parishad : _bDistributor Palok Publishers, _c1993. |
||
| 300 |
_axxiii, 165 p. ; _c23 cm. |
||
| 504 | _aIncludes bibliographical references. | ||
| 650 | 0 |
_aPoor _zBangladesh. _9187286 |
|
| 651 | 0 |
_aBangladesh _xEconomic policy. _9171507 |
|
| 710 | 2 |
_aBangladesh Unnayan Parishad. _9187287 |
|
| 942 |
_2ddc _cBK |
||
| 999 |
_c62973 _d62973 |
||